| 000 | nam a22 7a 4500 | ||
|---|---|---|---|
| 999 |
_c234863 _d234863 |
||
| 003 | Nust | ||
| 005 | 20170331122853.0 | ||
| 008 | 170331b xxu||||| |||| 00| 0 eng d | ||
| 022 | _281-89729-96-9 | ||
| 040 | _cDLC | ||
| 082 | _a624.151 RED | ||
| 100 | _4Reddy, R. N. | ||
| 245 | _aSoil Engineering Testing, Design and Remediation | ||
| 260 |
_aNew Delhi : _bGene Tech Books _c2010 |
||
| 300 |
_a272p. : _c25 CM |
||
| 942 |
_2ddc _cBK |
||